<?xml version="1.0" encoding="UTF-8"?>
<record
    xmlns:xsi="http://www.w3.org/2001/XMLSchema-instance"
    xsi:schemaLocation="http://www.loc.gov/MARC21/slim http://www.loc.gov/standards/marcxml/schema/MARC21slim.xsd"
    xmlns="http://www.loc.gov/MARC21/slim">

  <leader>00543nam a22002057a 4500</leader>
  <controlfield tag="003">SEACOMEC</controlfield>
  <controlfield tag="005">20240323125734.0</controlfield>
  <controlfield tag="008">240323b        |||||||| |||| 00| 0 eng d</controlfield>
  <datafield tag="020" ind1=" " ind2=" ">
    <subfield code="a"> 978-0074637364</subfield>
    <subfield code="c">Rs.360.00</subfield>
  </datafield>
  <datafield tag="040" ind1=" " ind2=" ">
    <subfield code="a">SEACOMEC</subfield>
  </datafield>
  <datafield tag="041" ind1=" " ind2=" ">
    <subfield code="a">English</subfield>
  </datafield>
  <datafield tag="082" ind1=" " ind2=" ">
    <subfield code="a">621.381</subfield>
    <subfield code="b">M654</subfield>
  </datafield>
  <datafield tag="100" ind1=" " ind2=" ">
    <subfield code="a"> Millman,  Jacob</subfield>
  </datafield>
  <datafield tag="245" ind1=" " ind2=" ">
    <subfield code="a">MICROELECTRONICS </subfield>
    <subfield code="c"> Jacob Millman  and Arvin Grabel </subfield>
  </datafield>
  <datafield tag="250" ind1=" " ind2=" ">
    <subfield code="a">2nd</subfield>
  </datafield>
  <datafield tag="260" ind1=" " ind2=" ">
    <subfield code="a">New Delhi</subfield>
    <subfield code="b">McGraw Hill Education</subfield>
    <subfield code="c">2005</subfield>
  </datafield>
  <datafield tag="300" ind1=" " ind2=" ">
    <subfield code="a">1024p</subfield>
    <subfield code="c">20 x 14 x 4 cm</subfield>
  </datafield>
  <datafield tag="700" ind1=" " ind2=" ">
    <subfield code="a">Grabel, Arvin </subfield>
  </datafield>
  <datafield tag="942" ind1=" " ind2=" ">
    <subfield code="c">BOOK</subfield>
  </datafield>
  <datafield tag="952" ind1=" " ind2=" ">
    <subfield code="0">0</subfield>
    <subfield code="1">0</subfield>
    <subfield code="2">ddc</subfield>
    <subfield code="4">0</subfield>
    <subfield code="7">0</subfield>
    <subfield code="a">SEACOMEC</subfield>
    <subfield code="b">SEACOMEC</subfield>
    <subfield code="d">2024-03-23</subfield>
    <subfield code="l">0</subfield>
    <subfield code="o">621.381 M654</subfield>
    <subfield code="p">4296</subfield>
    <subfield code="r">2024-03-23 12:57:52</subfield>
    <subfield code="w">2024-03-23</subfield>
    <subfield code="y">BOOK</subfield>
  </datafield>
  <datafield tag="952" ind1=" " ind2=" ">
    <subfield code="0">0</subfield>
    <subfield code="1">0</subfield>
    <subfield code="2">ddc</subfield>
    <subfield code="4">0</subfield>
    <subfield code="7">0</subfield>
    <subfield code="a">SEACOMEC</subfield>
    <subfield code="b">SEACOMEC</subfield>
    <subfield code="d">2024-03-23</subfield>
    <subfield code="l">0</subfield>
    <subfield code="o">621.381 M654</subfield>
    <subfield code="p">4297</subfield>
    <subfield code="r">2024-03-23 12:58:25</subfield>
    <subfield code="t">1</subfield>
    <subfield code="w">2024-03-23</subfield>
    <subfield code="y">BOOK</subfield>
  </datafield>
  <datafield tag="952" ind1=" " ind2=" ">
    <subfield code="0">0</subfield>
    <subfield code="1">0</subfield>
    <subfield code="2">ddc</subfield>
    <subfield code="4">0</subfield>
    <subfield code="7">0</subfield>
    <subfield code="a">SEACOMEC</subfield>
    <subfield code="b">SEACOMEC</subfield>
    <subfield code="d">2024-03-23</subfield>
    <subfield code="l">0</subfield>
    <subfield code="o">621.381 M654</subfield>
    <subfield code="p">4298</subfield>
    <subfield code="r">2024-03-23 12:58:25</subfield>
    <subfield code="t">2</subfield>
    <subfield code="w">2024-03-23</subfield>
    <subfield code="y">BOOK</subfield>
  </datafield>
  <datafield tag="952" ind1=" " ind2=" ">
    <subfield code="0">0</subfield>
    <subfield code="1">0</subfield>
    <subfield code="2">ddc</subfield>
    <subfield code="4">0</subfield>
    <subfield code="7">0</subfield>
    <subfield code="a">SEACOMEC</subfield>
    <subfield code="b">SEACOMEC</subfield>
    <subfield code="d">2024-03-23</subfield>
    <subfield code="l">0</subfield>
    <subfield code="o">621.381 M654</subfield>
    <subfield code="p">4299</subfield>
    <subfield code="r">2024-03-23 12:58:25</subfield>
    <subfield code="t">3</subfield>
    <subfield code="w">2024-03-23</subfield>
    <subfield code="y">BOOK</subfield>
  </datafield>
  <datafield tag="952" ind1=" " ind2=" ">
    <subfield code="0">0</subfield>
    <subfield code="1">0</subfield>
    <subfield code="2">ddc</subfield>
    <subfield code="4">0</subfield>
    <subfield code="7">0</subfield>
    <subfield code="a">SEACOMEC</subfield>
    <subfield code="b">SEACOMEC</subfield>
    <subfield code="d">2024-03-23</subfield>
    <subfield code="l">0</subfield>
    <subfield code="o">621.381 M654</subfield>
    <subfield code="p">4300</subfield>
    <subfield code="r">2024-03-23 12:58:25</subfield>
    <subfield code="t">4</subfield>
    <subfield code="w">2024-03-23</subfield>
    <subfield code="y">BOOK</subfield>
  </datafield>
  <datafield tag="952" ind1=" " ind2=" ">
    <subfield code="0">0</subfield>
    <subfield code="1">0</subfield>
    <subfield code="2">ddc</subfield>
    <subfield code="4">0</subfield>
    <subfield code="7">0</subfield>
    <subfield code="a">SEACOMEC</subfield>
    <subfield code="b">SEACOMEC</subfield>
    <subfield code="d">2024-03-23</subfield>
    <subfield code="l">0</subfield>
    <subfield code="o">621.381 M654</subfield>
    <subfield code="p">4301</subfield>
    <subfield code="r">2024-03-23 12:58:25</subfield>
    <subfield code="t">5</subfield>
    <subfield code="w">2024-03-23</subfield>
    <subfield code="y">BOOK</subfield>
  </datafield>
  <datafield tag="952" ind1=" " ind2=" ">
    <subfield code="0">0</subfield>
    <subfield code="1">0</subfield>
    <subfield code="2">ddc</subfield>
    <subfield code="4">0</subfield>
    <subfield code="7">0</subfield>
    <subfield code="a">SEACOMEC</subfield>
    <subfield code="b">SEACOMEC</subfield>
    <subfield code="d">2024-03-23</subfield>
    <subfield code="l">0</subfield>
    <subfield code="o">621.381 M654</subfield>
    <subfield code="p">4302</subfield>
    <subfield code="r">2024-03-23 12:58:25</subfield>
    <subfield code="t">6</subfield>
    <subfield code="w">2024-03-23</subfield>
    <subfield code="y">BOOK</subfield>
  </datafield>
  <datafield tag="952" ind1=" " ind2=" ">
    <subfield code="0">0</subfield>
    <subfield code="1">0</subfield>
    <subfield code="2">ddc</subfield>
    <subfield code="4">0</subfield>
    <subfield code="7">0</subfield>
    <subfield code="a">SEACOMEC</subfield>
    <subfield code="b">SEACOMEC</subfield>
    <subfield code="d">2024-03-23</subfield>
    <subfield code="l">0</subfield>
    <subfield code="o">621.381 M654</subfield>
    <subfield code="p">4303</subfield>
    <subfield code="r">2024-03-23 12:58:25</subfield>
    <subfield code="t">7</subfield>
    <subfield code="w">2024-03-23</subfield>
    <subfield code="y">BOOK</subfield>
  </datafield>
  <datafield tag="952" ind1=" " ind2=" ">
    <subfield code="0">0</subfield>
    <subfield code="1">0</subfield>
    <subfield code="2">ddc</subfield>
    <subfield code="4">0</subfield>
    <subfield code="7">0</subfield>
    <subfield code="a">SEACOMEC</subfield>
    <subfield code="b">SEACOMEC</subfield>
    <subfield code="d">2024-03-23</subfield>
    <subfield code="l">0</subfield>
    <subfield code="o">621.381 M654</subfield>
    <subfield code="p">4304</subfield>
    <subfield code="r">2024-03-23 12:58:25</subfield>
    <subfield code="t">8</subfield>
    <subfield code="w">2024-03-23</subfield>
    <subfield code="y">BOOK</subfield>
  </datafield>
  <datafield tag="952" ind1=" " ind2=" ">
    <subfield code="0">0</subfield>
    <subfield code="1">0</subfield>
    <subfield code="2">ddc</subfield>
    <subfield code="4">0</subfield>
    <subfield code="7">0</subfield>
    <subfield code="a">SEACOMEC</subfield>
    <subfield code="b">SEACOMEC</subfield>
    <subfield code="d">2024-03-23</subfield>
    <subfield code="l">0</subfield>
    <subfield code="o">621.381 M654</subfield>
    <subfield code="p">4305</subfield>
    <subfield code="r">2024-03-23 12:58:25</subfield>
    <subfield code="t">9</subfield>
    <subfield code="w">2024-03-23</subfield>
    <subfield code="y">BOOK</subfield>
  </datafield>
  <datafield tag="952" ind1=" " ind2=" ">
    <subfield code="0">0</subfield>
    <subfield code="1">0</subfield>
    <subfield code="2">ddc</subfield>
    <subfield code="4">0</subfield>
    <subfield code="7">0</subfield>
    <subfield code="a">SEACOMEC</subfield>
    <subfield code="b">SEACOMEC</subfield>
    <subfield code="d">2024-03-23</subfield>
    <subfield code="l">0</subfield>
    <subfield code="o">621.381 M654</subfield>
    <subfield code="p">4306</subfield>
    <subfield code="r">2024-03-23 12:58:25</subfield>
    <subfield code="t">10</subfield>
    <subfield code="w">2024-03-23</subfield>
    <subfield code="y">BOOK</subfield>
  </datafield>
  <datafield tag="952" ind1=" " ind2=" ">
    <subfield code="0">0</subfield>
    <subfield code="1">0</subfield>
    <subfield code="2">ddc</subfield>
    <subfield code="4">0</subfield>
    <subfield code="7">0</subfield>
    <subfield code="a">SEACOMEC</subfield>
    <subfield code="b">SEACOMEC</subfield>
    <subfield code="d">2024-03-23</subfield>
    <subfield code="l">0</subfield>
    <subfield code="o">621.381 M654</subfield>
    <subfield code="p">4307</subfield>
    <subfield code="r">2024-03-23 12:58:25</subfield>
    <subfield code="t">11</subfield>
    <subfield code="w">2024-03-23</subfield>
    <subfield code="y">BOOK</subfield>
  </datafield>
  <datafield tag="952" ind1=" " ind2=" ">
    <subfield code="0">0</subfield>
    <subfield code="1">0</subfield>
    <subfield code="2">ddc</subfield>
    <subfield code="4">0</subfield>
    <subfield code="7">0</subfield>
    <subfield code="a">SEACOMEC</subfield>
    <subfield code="b">SEACOMEC</subfield>
    <subfield code="d">2024-03-23</subfield>
    <subfield code="l">0</subfield>
    <subfield code="o">621.381 M654</subfield>
    <subfield code="p">4308</subfield>
    <subfield code="r">2024-03-23 12:58:25</subfield>
    <subfield code="t">12</subfield>
    <subfield code="w">2024-03-23</subfield>
    <subfield code="y">BOOK</subfield>
  </datafield>
  <datafield tag="952" ind1=" " ind2=" ">
    <subfield code="0">0</subfield>
    <subfield code="1">0</subfield>
    <subfield code="2">ddc</subfield>
    <subfield code="4">0</subfield>
    <subfield code="7">0</subfield>
    <subfield code="a">SEACOMEC</subfield>
    <subfield code="b">SEACOMEC</subfield>
    <subfield code="d">2024-03-23</subfield>
    <subfield code="l">0</subfield>
    <subfield code="o">621.381 M654</subfield>
    <subfield code="p">4309</subfield>
    <subfield code="r">2024-03-23 12:58:25</subfield>
    <subfield code="t">13</subfield>
    <subfield code="w">2024-03-23</subfield>
    <subfield code="y">BOOK</subfield>
  </datafield>
  <datafield tag="952" ind1=" " ind2=" ">
    <subfield code="0">0</subfield>
    <subfield code="1">0</subfield>
    <subfield code="2">ddc</subfield>
    <subfield code="4">0</subfield>
    <subfield code="7">0</subfield>
    <subfield code="a">SEACOMEC</subfield>
    <subfield code="b">SEACOMEC</subfield>
    <subfield code="d">2024-03-23</subfield>
    <subfield code="l">0</subfield>
    <subfield code="o">621.381 M654</subfield>
    <subfield code="p">4310</subfield>
    <subfield code="r">2024-03-23 12:58:25</subfield>
    <subfield code="t">14</subfield>
    <subfield code="w">2024-03-23</subfield>
    <subfield code="y">BOOK</subfield>
  </datafield>
  <datafield tag="999" ind1=" " ind2=" ">
    <subfield code="c">842</subfield>
    <subfield code="d">842</subfield>
  </datafield>
</record>
